Islam in Europe : (Registro nro. 70335)
[ vista simple ]
| 000 -LÍDER | |
|---|---|
| Campo fijo de descripción fija | 01830nab a2200253 i 4500 |
| 001 - NÚMERO DE CONTROL | |
| Campo de control | 768714001 |
| 003 - IDENTIFICADOR DEL NÚMERO DE CONTROL | |
| Campo de control | CO-MdFUSB |
| 005 - FECHA Y HORA DE LA ULTIMA TRANSACCIÓN | |
| control field | 20240620163049.0 |
| 008 - ELEMENTOS DE LONGITUD FIJA -- INFORMACIÓN GENERAL | |
| Campo fijo de descripción fija -- Información general | 240620t1993 us ||||| |||| 00| 0 eng d |
| 040 ## - FUENTE DE CATALOGACIÓN | |
| Idioma de catalogación | spa |
| Agencia que realiza la transcripción | CO-MdFUSB |
| Agencia que realiza la modificación | CO-MdFUSB |
| 041 ## - CÓDIGO DE IDIOMA | |
| Código de idioma para texto/pista de sonido o título separado | eng |
| 100 ## - ASIENTO PRINCIPAL--NOMBRE PERSONAL | |
| Nombre personal | Schantz, Borge, |
| Fechas asociadas con el nombre | 1931-2014 |
| Término relacionador | autor |
| 245 1# - TÍTULO | |
| Título | Islam in Europe : |
| Subtitulo | threat or challenge to christianity? |
| Mención de responsabilidad | / Borge Schantz |
| 520 ## - NOTA DE RESUMEN, ETC. | |
| Nota de sumario, etc. | La “amenaza del Islam” es una perspectiva histórica que aún persiste mucho después de que los generales otomanos llamaron a la puerta de Viena. Las comunidades isleñas de cultura islámica que la marea musulmana en retirada dejó atrás en el siglo XVII se han visto reforzadas a mediados del siglo XX por unos seis millones de trabajadores, estudiantes y refugiados inmigrantes. La reacción inicial instintiva por parte de las iglesias ante las nuevas mezquitas y sus fieles ha variado desde la sospecha hasta la animosidad abierta. Ahora los cristianos europeos tienen que preguntarse si no es una obra singular de la Providencia la que ha traído a sus puertas a millones de seguidores de la religión más resistente al evangelio del mundo. La esencia misma del desafío es que los métodos de evangelización de comunicación masiva sólo confirmarán el prejuicio islámico, ya que todas las culturas islámicas dependen de las relaciones personales. |
| 546 ## - NOTA DE IDIOMA | |
| Nota de idioma | Texto en inglés. |
| 650 #0 - ASIENTO SECUNDARIO DE MATERIA - TERMINO TEMÁTICO | |
| Término temático o nombre geográfico como elemento de entrada | Cristianismo y otras religiones |
| Subdivisión general | Islamismo. |
| 9 (RLIN) | 5345 |
| 650 #0 - ASIENTO SECUNDARIO DE MATERIA - TERMINO TEMÁTICO | |
| Término temático o nombre geográfico como elemento de entrada | Evangelización |
| 9 (RLIN) | 362 |
| 650 #7 - ASIENTO SECUNDARIO DE MATERIA - TERMINO TEMÁTICO | |
| Término temático o nombre geográfico como elemento de entrada | Iglesia |
| 9 (RLIN) | 655 |
| 650 #7 - ASIENTO SECUNDARIO DE MATERIA - TERMINO TEMÁTICO | |
| Término temático o nombre geográfico como elemento de entrada | Antropología cultural y social |
| 9 (RLIN) | 6714 |
| 653 ## - TÉRMINO DE INDIZACIÓN - NO CONTROLADO | |
| Término no controlado | Europa |
| 773 0# - ASIENTO DE ITEM FUENTE | |
| Biblionumber | 49486 |
| Itemnumber | 61126 |
| Lugar, editorial y fecha de publicación | Pasadena |
| Otro identificador del ítem | R0888 |
| Título | Missiology: |
| Número de control del registro | (CO-MdFUSB)97 |
| Parte(s) relacionada(s) / Volumen., número. (mes año), páginas | Volumen 21, (número 4, 1993) páginas: 443 - 454 |
| Enumeración y primera página | página: 443 |
| 942 ## - TIPO DE MATERIAL (KOHA) | |
| Tipo de Item KOHA | Artículos de Revista |
| 945 ## - INFORMACIÓN LOCAL DEL REGISTRO | |
| Catalogador | Catherine Arias Álvarez - Practicante SENA |
No hay ítems disponibles.
